Economics : principles and tools

Includes a focus on the 5 Key Principles of Economics: 1) Opportunity Cost, 2) The Marginal Principle (comparing marginal benefits and marginal costs), 3) Diminishing Returns, 4) The Spillover Principle (for externalities in production and consumption), and, 5) The Reality Principle (distinguishing...

全面介绍

Đã lưu trong:
书目详细资料
主要作者: O’Sullivan, Arthur
格式: 图书
语言:Undetermined
出版: Upper Saddle River, NJ Pearson/ Prentice Hall 2006
主题:
标签: 添加标签
没有标签, 成为第一个标记此记录!
Thư viện lưu trữ: Trung tâm Học liệu Trường Đại học Cần Thơ
LEADER 00988nam a2200217Ia 4500
001 CTU_149808
008 210402s9999 xx 000 0 und d
020 |c 173.33 
082 |a 330 
082 |b O.81 
100 |a O’Sullivan, Arthur 
245 0 |a Economics : 
245 0 |b principles and tools 
245 0 |c Arthur O’Sullivan, Steven M. Sheffrin 
260 |a Upper Saddle River, NJ 
260 |b Pearson/ Prentice Hall 
260 |c 2006 
520 |a Includes a focus on the 5 Key Principles of Economics: 1) Opportunity Cost, 2) The Marginal Principle (comparing marginal benefits and marginal costs), 3) Diminishing Returns, 4) The Spillover Principle (for externalities in production and consumption), and, 5) The Reality Principle (distinguishing real from nominal magnitudes). For economists, financial analysts and other finance professionals. 
650 |a Economics,Kinh tế 
904 |i Duy Bằng 
980 |a Trung tâm Học liệu Trường Đại học Cần Thơ